001920000a220007300045001000023000002450026000233000043000497730026000921 aMcConnell, Cecilio10aSemilla para sermones aNum. 19 (Abril, 1982), Páginas 66-690 tDiálogo teológico